000 00273nam a2200085Ia 4500
008 231107s1996 xx 000 0 und d
041 _aeng
245 _aTolbooths & Town Houses:Civic Architecture in Scotland to 1833
260 _aScotland
_bRoyal Commission on the Ancient
_c1996
999 _c927473
_d927473